000 00334nam a2200133Ia 4500
008 240624s9999 xx 000 0 und d
041 _aeng
082 _a823 DIC
100 _aDICKENS CHARLES
245 _aOLIVER TWIST
260 _c2008
_aOxford
_bOxford University press
300 _alvii, : 480 : p. : cm. ; 19
365 _cRS
_b32
999 _c16640
_d16640